Retrouvez ses rôles #4 - Louis De Funès - Statistiques

Statistiques générales
  • Ce quiz a été pris 54 fois
  • Le résultat moyen est 7 sur 10
Statistiques - réponses
Par images Réponse % Correct
La Grande Vadrouille
90%
Fantomas
88%
La folie des grandeurs
82%
L'avare
82%
L'aile ou la cuisse
80%
Le petit baigneur
80%
Hibernatus
73%
Les aventures de Rabbi Jacob
73%
La soupe au choux
39%
Les Gendarmes de Saint-Tropez
22%
Aucun quiz correspondant
Distribution des résultats
% des personnes avec chaque résultat
Percentile par nombre de réponses
Votre historique - résultats
Vous n’avez pas pris ce quiz